Warhammer 40K Trivia by Letter: A - Statistics

General Stats
  • This quiz has been taken 1,533 times
  • The average score is 13 of 35
Answer Stats
Hint Answer % Correct
Adeptus _____, commonly known as Space Marines Astartes
98%
The twentieth Space Marine legion, known as the most secretive of all legions and experts in infiltration and covert operations Alpha Legion
83%
Primarch of the World Eaters, known for his bloodlust Angron
72%
Known as the Despoiler, this former Space Marine has led multiple Black Crusades against the Imperium of Man Abaddon
71%
Space Marine with special medical training Apothecary
64%
High Gothic name for the Imperial Guard Astra Militarum
56%
Adeptus _____, the police force of the Adeptus Terra dedicated to enforcing Imperial law Arbites
50%
Term for human subspecies such as ogryns and ratlings Abhuman
48%
Psychic servant of the imperium tasked with sending and receiving messages through the Warp Astropath
46%
Lorgar _____, primarch of the Word Bearers and the first primarch to be seduced by Chaos Aurelian
46%
Class of Imperial planet devoted primarily to food production Agri-World
45%
Type of weapon used by Adeptus Mechanicus forces that discharge fearsome blue energy Arc weapons
43%
Two-headed eagle that is the sacred symbol of the Imperium Aquila
39%
Tau caste which are the tallest and most slender of the Tau, and form the backbone of the Tau navy Air
38%
Also known as a multi-scanner, this device is used to detect motion, gasses, and a wide spectrum of energy emissions. Used in tactical situations to locate friendly and enemy troops Auspex
38%
Human selected to be inducted into a Space Marine chapter Aspirant
37%
Colloquial nickname for Space Marines Angels of Death
34%
Adeptus _____, the bureaucratic division of the Adeptus Terra whose countless scribes and clerks manage the Imperium Administratum
31%
One of the most famous Imperial Guard regiments, specializing in mechanized warfare and combating Orks Armageddon Steel Legion
31%
The psychic beacon used by Navigators to pilot ships through the Warp. Its immense energy consumption requires the sacrifice of hundreds of psykers every day Astronomican
28%
Primaris Space Marine clad in Mark X Gravis armor and tasked with heavy combat support Aggressor
27%
Age of _____, a destabilizing and notable period in Imperial history occuring in M36, marked by a power struggle between two large Imperial organizations Apostasy
26%
"The _____", term used by Chaos gods and warp spawn to refer to the Emperor of Mankind, signifying his importance as the most potent force of order in the galaxy Anathema
25%
The highest ranking member of a Dark Eldar Kabal Archon
25%
A colloquial term for machine sentience, known in High Gothic as silica animus. Forbidden under pain of death in the Imperium Abominable intelligence
23%
_____ Imperialis, the branch of the Imperial Navy dedicated to atmospheric combat aviation Aeronautica
22%
Term for ancient, often valuable technical artifacts, highly sought-after by the Adeptus Mechanicus Archeotech
22%
Alcoholic beverage popular across the Imperium. Its quality can range from unpalatable to exquisite Amasec
17%
Peninsula on Earth that was the birthplace of the Emperor in prehistoric times Anatolia
16%
A class of void ship used by the Adeptus Mechanicus to search for Standard Template Constructs. These extremely rare vessels are among the largest in the Imperium Ark Mechanicus
15%
Former Imperial heretic sentenced by the Ecclesiarchy to contrition by conversion into a mindless berserker Arco-flagellant
12%
The most powerful diety of the Aeldari pantheon and known as the Phoenix King, he was the last to be consumed by Slaanesh during the Fall Asuryan
12%
Title denoting the head of the Adepta Sororitas, sometimes a member of the High Lords of Terra Abbess
11%
Light vehicle used by Space Marine scouts, employed most famously by the White Scars chapter Assault bike
10%
Strike fighter employed by the Imperial Navy as a staple of air support operations Avenger
5%
No matching quizzes found
Score Distribution
Percent of People with Each Score
Percentile by Number Answered
Your Score History
You have not taken this quiz